000 00699nam a22002412 4500
001 20353
003 BD-RjUL
005 20211209000544.0
008 140227s19541929enk 001 0 eng
035 _a(BD-RjUL)20415
040 _aDLC
_cFHM
_dBD-RjUL
_beng
041 _aeng
082 _a370.1
_bTHM 1954
100 1 _aThomson, Godfrey H.
_q(Godfrey Hilton),
_d1881-1955.
_962741
245 1 2 _aA modern philosophy of education /
_cby Godfrey H. Thomson.
260 _aLondon :
_bG. Allen & Unwin, ltd.,
_c1929 [Impression 1954].
300 _a283 p. ;
_c20 cm.
504 _aIncludes index.
650 0 _aEducation.
_962742
942 _2ddc
_cBK
999 _c20353
_d20353